[Event "GBR-ch"]
[Site "Aberystwyth, Wales"]
[Date "2014.07.21"]
[Round "3.12"]
[White "Bullen, Alex"]
[Black "Rudd, Jack"]
[Result "0-1"]
[WhiteElo "2054"]
[BlackElo "2278"]
[PlyCount "56"]
[EventDate "2014.07.19"]
[EventType "swiss"]
[EventRounds "11"]
[EventCountry "GBR"]
[Source "John Saunders"]
[SourceDate "2015.07.24"]

1. d4 Nf6 2. c3 g6 3. Nf3 Bg7 4. Bf4 O-O 5. h3 d6 6. e3 Nc6 7. Be2 Nd7 8. Nbd2
e5 9. dxe5 dxe5 10. Bh2 Nc5 11. Nc4 Qe7 12. O-O Rd8 13. Qc1 Bf5 14. Rd1 Nd3 15.
Bxd3 Bxd3 16. Ncd2 e4 17. Nd4 Ne5 18. c4 c5 19. Nb5 Be2 20. Bxe5 Bxe5 21. Re1
Rxd2 22. Qxd2 Bf3 23. gxf3 exf3 24. e4 Qh4 25. Qd7 Qf4 26. Qg4 Qh2+ 27. Kf1
Qh1+ 28. Qg1 Qxh3+ 0-1

[Event "GBR-ch"]
[Site "Aberystwyth, Wales"]
[Date "2014.07.21"]
[Round "3.13"]
[White "Kett, Tim"]
[Black "Fathallah, Joe"]
[Result "1-0"]
[WhiteElo "2270"]
[BlackElo "1953"]
[PlyCount "75"]
[EventDate "2014.07.19"]
[EventType "swiss"]
[EventRounds "11"]
[EventCountry "GBR"]
[Source "John Saunders"]
[SourceDate "2015.07.24"]

1. e4 e6 2. d4 d5 3. Nc3 Nf6 4. e5 Nfd7 5. Qg4 c5 6. Nf3 Nc6 7. Nb5 Nxd4 8.
Nfxd4 cxd4 9. Bf4 Qb6 10. O-O-O d3 11. Bxd3 Nc5 12. Nd6+ Bxd6 13. Qxg7 Rf8 14.
exd6 Bd7 15. Qf6 Qd8 16. Qh6 Qa5 17. Qh4 Qd8 18. Bg5 f6 19. Bxh7 Bc6 20. Bh6
Kd7 21. Bxf8 Qxf8 22. Bd3 Kxd6 23. Qg3+ e5 24. h4 Qh6+ 25. Kb1 a5 26. h5 a4 27.
a3 b5 28. Qg6 Qf4 29. h6 b4 30. g3 Qf3 31. axb4 e4 32. bxc5+ Kxc5 33. Bxe4 dxe4
34. Qh5+ f5 35. Qxf3 exf3 36. h7 Rh8 37. Rh5 Be4 38. g4 1-0

[Event "GBR-ch"]
[Site "Aberystwyth, Wales"]
[Date "2014.07.21"]
[Round "3.14"]
[White "Davis, Lee"]
[Black "Storey, Charles H"]
[Result "0-1"]
[WhiteElo "1978"]
[BlackElo "2241"]
[PlyCount "76"]
[EventDate "2014.07.19"]
[EventType "swiss"]
[EventRounds "11"]
[EventCountry "GBR"]
[Source "John Saunders"]
[SourceDate "2015.07.24"]

1. d4 Nf6 2. g3 c5 3. d5 b5 4. Bg2 d6 5. c4 bxc4 6. Nc3 g6 7. Nf3 Bg7 8. Nd2
Ba6 9. Nxc4 O-O 10. Qb3 Nbd7 11. a4 Rb8 12. Nb5 Bb7 13. Qd3 Nb6 14. Na5 Bxd5
15. Bxd5 Nbxd5 16. Nc6 Nb4 17. Nxb4 Qa5 18. Bd2 cxb4 19. O-O a6 20. Nd4 Rfc8
21. Nb3 Qd5 22. Qxd5 Nxd5 23. e4 Nb6 24. Ra2 Nc4 25. Bg5 f6 26. Bc1 a5 27. Nd4
b3 28. Ra1 f5 29. Be3 fxe4 30. Rfc1 Nxe3 31. fxe3 Bxd4 32. exd4 Rxc1+ 33. Rxc1
Rb4 34. Rc3 Rxa4 35. Rxb3 Rxd4 36. Rb7 Kf7 37. Ra7 Rb4 38. Rxa5 Rxb2 0-1

[Event "GBR-ch"]
[Site "Aberystwyth, Wales"]
[Date "2014.07.21"]
[Round "3.15"]
[White "Taylor, Adam A"]
[Black "Haria, Ravi"]
[Result "1-0"]
[WhiteElo "2021"]
[BlackElo "2202"]
[PlyCount "75"]
[EventDate "2014.07.19"]
[EventType "swiss"]
[EventRounds "11"]
[EventCountry "GBR"]
[Source "John Saunders"]
[SourceDate "2015.07.24"]

1. Nf3 e6 2. g3 d5 3. Bg2 Nf6 4. O-O Be7 5. d3 O-O 6. Nbd2 c5 7. e4 b5 8. exd5
exd5 9. c4 Bf5 10. cxd5 Nxd5 11. d4 c4 12. a4 c3 13. bxc3 Nxc3 14. Qb3 b4 15.
Bb2 Be6 16. Qc2 Nd5 17. Ne5 f6 18. Nd3 Bf7 19. Nb3 Nd7 20. Ndc5 Rc8 21. Rac1
Nxc5 22. dxc5 Nb6 23. Rfd1 Qe8 24. a5 Nc4 25. c6 Rc7 26. Qe2 Nxb2 27. Qxb2 Qc8
28. Nd4 a6 29. Qe2 b3 30. Rb1 Qb8 31. Nxb3 Qb4 32. Nd4 Qxa5 33. Ne6 Bxe6 34.
Qxe6+ Kh8 35. Rd7 Rxd7 36. Qxd7 Qa2 37. Rb7 Rf7 38. Qe8+ 1-0

[Event "GBR-ch"]
[Site "Aberystwyth, Wales"]
[Date "2014.07.21"]
[Round "3.16"]
[White "Brown, Martin"]
[Black "Brusey, Alan W"]
[Result "1-0"]
[WhiteElo "2194"]
[BlackElo "1951"]
[PlyCount "55"]
[EventDate "2014.07.19"]
[EventType "swiss"]
[EventRounds "11"]
[EventCountry "GBR"]
[Source "John Saunders"]
[SourceDate "2015.07.24"]

1. e4 e6 2. d4 d5 3. Nd2 c5 4. exd5 Qxd5 5. Ngf3 cxd4 6. Bc4 Qd6 7. O-O Nc6 8.
Nb3 Nf6 9. Nbxd4 Nxd4 10. Nxd4 a6 11. Re1 Qc7 12. Qe2 Bd6 13. Bg5 O-O 14. Bd3
Nd5 15. Qh5 g6 16. Qh4 e5 17. Be4 exd4 18. Bxd5 Be5 19. Bh6 Bg7 20. Bxg7 Kxg7
21. Qxd4+ Kg8 22. Qf6 Be6 23. Rxe6 fxe6 24. Bxe6+ Rf7 25. Re1 Re8 26. Bxf7+
Qxf7 27. Qxf7+ Kxf7 28. Rxe8 1-0

[Event "GBR-ch"]
[Site "Aberystwyth, Wales"]
[Date "2014.07.21"]
[Round "3.17"]
[White "Burnett, Jim"]
[Black "Zhang, Anthony Y"]
[Result "1/2-1/2"]
[WhiteElo "2124"]
[BlackElo "1926"]
[PlyCount "46"]
[EventDate "2014.07.19"]
[EventType "swiss"]
[EventRounds "11"]
[EventCountry "GBR"]
[Source "John Saunders"]
[SourceDate "2015.07.24"]

1. d4 f5 2. g3 Nf6 3. Bg2 g6 4. Nf3 Bg7 5. O-O O-O 6. c4 d6 7. b3 c6 8. Bb2 Qc7
9. Qc2 Re8 10. Nbd2 e5 11. dxe5 dxe5 12. e4 c5 13. Nh4 f4 14. gxf4 exf4 15. e5
Ng4 16. Bd5+ Be6 17. Nxg6 Bxd5 18. cxd5 Qf7 19. h3 Qxg6 20. Qxg6 hxg6 21. hxg4
Bxe5 22. Bxe5 Rxe5 23. Nf3 Rxd5 1/2-1/2

[Event "GBR-ch"]
[Site "Aberystwyth, Wales"]
[Date "2014.07.21"]
[Round "3.18"]
[White "Hoare, Amy B"]
[Black "Brown, Thomas"]
[Result "1/2-1/2"]
[WhiteElo "1950"]
[BlackElo "2104"]
[PlyCount "144"]
[EventDate "2014.07.19"]
[EventType "swiss"]
[EventRounds "11"]
[EventCountry "GBR"]
[Source "John Saunders"]
[SourceDate "2015.07.24"]

1. e4 c6 2. Nf3 d5 3. Nc3 dxe4 4. Nxe4 Nf6 5. Nxf6+ gxf6 6. d4 Bf5 7. c3 e6 8.
Bf4 Bd6 9. Bg3 Qc7 10. Bd3 Bg6 11. Qc2 Nd7 12. O-O-O O-O-O 13. Nd2 Nb6 14. Bxg6
hxg6 15. Ne4 Bf4+ 16. Kb1 f5 17. Nc5 Bxg3 18. hxg3 e5 19. Rxh8 Rxh8 20. dxe5
Qxe5 21. Nd3 Qe4 22. f3 Qe7 23. Re1 Qd6 24. Nf4 Rd8 25. Kc1 Nc4 26. Rd1 Qxd1+
27. Qxd1 Rxd1+ 28. Kxd1 Nxb2+ 29. Kc2 Nc4 30. Kd3 Ne5+ 31. Kd4 Nd7 32. c4 Kc7
33. Nh3 Kd6 34. Nf2 Nf8 35. Kc3 Ne6 36. g4 fxg4 37. Nxg4 Nf4 38. Ne3 Kc5 39. a3
Ne2+ 40. Kd2 Nd4 41. Kc3 f5 42. Kd3 f4 43. Ng4 Nf5 44. Ke4 Nh4 45. Kxf4 Nxg2+
46. Kg3 Ne1 47. Ne5 g5 48. Kg4 Kd4 49. Nf7 Kxc4 50. Nd6+ Kb3 51. Nxb7 Kxa3 52.
Kxg5 Nxf3+ 53. Kf4 Ne1 54. Na5 Nd3+ 55. Ke3 Nb4 56. Kd4 Ka4 57. Nb7 Kb5 58.
Nd6+ Kb6 59. Nc8+ Kb7 60. Nxa7 Kxa7 61. Kc5 Ka6 62. Kxb4 Kb6 63. Kc4 c5 64. Kc3
Kb5 65. Kb3 c4+ 66. Kc3 Kc5 67. Kc2 Kd4 68. Kd2 c3+ 69. Kc2 Kc4 70. Kc1 Kd3 71.
Kd1 c2+ 72. Kc1 Kc3 1/2-1/2

[Event "GBR-ch"]
[Site "Aberystwyth, Wales"]
[Date "2014.07.21"]
[Round "3.19"]
[White "Tambini, Jasper"]
[Black "Hill, Clive E"]
[Result "1/2-1/2"]
[WhiteElo "2047"]
[BlackElo "2330"]
[PlyCount "49"]
[EventDate "2014.07.19"]
[EventType "swiss"]
[EventRounds "11"]
[EventCountry "GBR"]
[Source "John Saunders"]
[SourceDate "2015.07.24"]

1. e4 e6 2. d4 b6 3. Bd3 Bb7 4. Qe2 d6 5. f4 g6 6. Nf3 Qe7 7. O-O Bg7 8. Nc3
Nc6 9. Qf2 Nb4 10. Bb5+ c6 11. Ba4 b5 12. Bb3 a5 13. a4 bxa4 14. Bxa4 Nf6 15.
f5 gxf5 16. exf5 Nbd5 17. Bg5 Nxc3 18. bxc3 Ne4 19. Bxe7 Nxf2 20. f6 Ne4 21.
fxg7 Rg8 22. Bf8 Nxc3 23. Ng5 Ne2+ 24. Kh1 Nxd4 25. Nxh7 1/2-1/2

[Event "GBR-ch"]
[Site "Aberystwyth, Wales"]
[Date "2014.07.21"]
[Round "3.20"]
[White "Wadsworth, Matthew J"]
[Black "Wager, John D"]
[Result "1-0"]
[WhiteElo "2221"]
[BlackElo "2099"]
[PlyCount "101"]
[EventDate "2014.07.19"]
[EventType "swiss"]
[EventRounds "11"]
[EventCountry "GBR"]
[Source "John Saunders"]
[SourceDate "2015.07.24"]

1. c4 e5 2. g3 Nc6 3. Bg2 g6 4. Nc3 Bg7 5. e4 Nge7 6. Nge2 d6 7. O-O O-O 8. d3
Be6 9. Nd5 Qd7 10. Rb1 Nd8 11. f4 Nxd5 12. cxd5 Bg4 13. Be3 c6 14. dxc6 Nxc6
15. Qd2 Rac8 16. Nc3 Be6 17. Qf2 Nd4 18. Rbc1 a6 19. b3 f5 20. Bxd4 exd4 21.
Ne2 fxe4 22. Bxe4 d5 23. Bg2 Bf5 24. Qf3 Rfd8 25. Rxc8 Qxc8 26. Rc1 Qe6 27. Qf2
Qe3 28. Qxe3 dxe3 29. Rd1 b5 30. Bf3 h5 31. Kg2 Kf7 32. h3 Ke7 33. g4 hxg4 34.
hxg4 Be6 35. Rc1 Kd6 36. Kg3 Rc8 37. Rxc8 Bxc8 38. d4 b4 39. Kh4 Bf6+ 40. g5
Bg7 41. Bg4 Bb7 42. f5 gxf5 43. Bxf5 Bc6 44. Bd3 a5 45. Kg4 Bd7+ 46. Kf4 Bh3
47. Kxe3 Bf1 48. Nf4 Bxd3 49. Kxd3 Bh8 50. g6 Bf6 51. Nh5 1-0

[Event "GBR-ch"]
[Site "Aberystwyth, Wales"]
[Date "2014.07.21"]
[Round "3.21"]
[White "McPhillips, Joseph"]
[Black "Villiers, Thomas"]
[Result "1-0"]
[WhiteElo "2200"]
[BlackElo "2068"]
[PlyCount "183"]
[EventDate "2014.07.19"]
[EventType "swiss"]
[EventRounds "11"]
[EventCountry "GBR"]
[Source "John Saunders"]
[SourceDate "2015.07.24"]

1. e4 c6 2. d4 d5 3. Nc3 dxe4 4. Nxe4 Bf5 5. Ng3 Bg6 6. h4 h6 7. Nh3 e6 8. Nf4
Bh7 9. Bc4 Nf6 10. O-O Bd6 11. Re1 O-O 12. c3 Qc7 13. Qf3 Nbd7 14. Nfh5 Nxh5
15. Nxh5 Bg6 16. Qg4 Bxh5 17. Qxh5 Bf4 18. Qf3 Bxc1 19. Raxc1 c5 20. dxc5 Qxc5
21. Qxb7 Qxc4 22. Qxd7 Qxa2 23. Qd2 Rab8 24. Rc2 Rb3 25. Re3 Qa4 26. h5 Qg4 27.
Re5 Qc4 28. Ra5 Qc7 29. Ra1 Rfb8 30. c4 Qe5 31. Ra5 Qe4 32. Rxa7 Rd3 33. Qe2
Qd4 34. Ra1 Rd8 35. Rac1 Qc5 36. Rb1 Qb4 37. Qe1 Qc5 38. Qe2 R8d4 39. b4 Qd6
40. g3 e5 41. b5 e4 42. c5 Qd5 43. c6 Rd1+ 44. Rxd1 Rxd1+ 45. Kg2 e3+ 46. f3
Rd2 47. Rxd2 exd2 48. c7 d1=Q 49. c8=Q+ Kh7 50. Qcc2+ Qxc2 51. Qxc2+ Kg8 52. b6
Qd7 53. Qb2 Qb7 54. Qb5 Kf8 55. Qc5+ Ke8 56. Qe5+ Kd7 57. Qxg7 Qxb6 58. Qxf7+
Kd8 59. Qf8+ Kd7 60. Qg7+ Kd8 61. g4 Qe3 62. Qf6+ Ke8 63. Qb2 Kf7 64. Qb7+ Kg8
65. Qd5+ Kg7 66. Qe4 Qd2+ 67. Kg3 Qc1 68. Qd4+ Kg8 69. f4 Qe1+ 70. Qf2 Qa5 71.
Qe3 Kf7 72. Qb3+ Kf6 73. Qe3 Kf7 74. f5 Qc7+ 75. Kh3 Kg7 76. Qe6 Qc3+ 77. Kh4
Qc7 78. Qg6+ Kf8 79. Qxh6+ Kg8 80. Qe6+ Kh7 81. f6 Qh2+ 82. Kg5 Qd2+ 83. Kf5
Qf2+ 84. Ke5 Qc5+ 85. Qd5 Qc7+ 86. Kf5 Kh8 87. Qe5 Qc2+ 88. Kg5 Qd2+ 89. Qf4
Qd5+ 90. Kh6 Qg8 91. Qc7 Qf7 92. Qd8+ 1-0

[Event "GBR-ch"]
[Site "Aberystwyth, Wales"]
[Date "2014.07.21"]
[Round "3.22"]
[White "Shaw, Peter"]
[Black "Pleasants, Allan J"]
[Result "1-0"]
[WhiteElo "2178"]
[BlackElo "2061"]
[PlyCount "57"]
[EventDate "2014.07.19"]
[EventType "swiss"]
[EventRounds "11"]
[EventCountry "GBR"]
[Source "John Saunders"]
[SourceDate "2015.07.24"]

1. d4 Nf6 2. c4 c5 3. d5 b5 4. cxb5 a6 5. bxa6 g6 6. Nc3 Bxa6 7. e4 Bxf1 8.
Kxf1 d6 9. Nf3 Bg7 10. g3 O-O 11. Kg2 Na6 12. Qe2 Nc7 13. a4 Ra6 14. Ra3 e6 15.
dxe6 fxe6 16. Bf4 Nh5 17. Bg5 Qa8 18. Rd1 d5 19. Be7 Rf7 20. Bxc5 Bxc3 21. bxc3
dxe4 22. Ng5 Rf5 23. Be3 Nd5 24. Rb1 Qc6 25. Rb8+ Kg7 26. Rab3 Nxe3+ 27. Qxe3
Rd5 28. R3b7+ Rd7 29. Qd4+ 1-0

[Event "GBR-ch"]
[Site "Aberystwyth, Wales"]
[Date "2014.07.21"]
[Round "3.23"]
[White "Mason, Donald J"]
[Black "Hughes, Roy"]
[Result "1-0"]
[WhiteElo "2167"]
[BlackElo "2059"]
[PlyCount "83"]
[EventDate "2014.07.19"]
[EventType "swiss"]
[EventRounds "11"]
[EventCountry "GBR"]
[Source "John Saunders"]
[SourceDate "2015.07.24"]

1. c4 Nf6 2. Nc3 e5 3. Nf3 d6 4. d4 exd4 5. Nxd4 Be7 6. g3 O-O 7. Bg2 c6 8. O-O
Qa5 9. h3 Bd7 10. e4 Na6 11. a3 Rad8 12. b4 Qc7 13. Bf4 Qc8 14. Kh2 Nc7 15. Rc1
Rfe8 16. Re1 Ne6 17. Nxe6 Bxe6 18. Nd5 Qd7 19. Nxe7+ Qxe7 20. Qd4 c5 21. Qd2
Rd7 22. b5 Red8 23. g4 Ne8 24. Be3 f6 25. f4 Nc7 26. f5 Bf7 27. h4 Na8 28. Bf4
Nb6 29. Bf1 Kh8 30. a4 Rc7 31. a5 Nd7 32. Qxd6 Ne5 33. Qxe7 Rxe7 34. Bxe5 Rxe5
35. Rcd1 Rxd1 36. Rxd1 h5 37. Rd8+ Kh7 38. g5 fxg5 39. hxg5 Be8 40. Bd3 a6 41.
bxa6 bxa6 42. Rd5 1-0

[Event "GBR-ch"]
[Site "Aberystwyth, Wales"]
[Date "2014.07.21"]
[Round "3.24"]
[White "Graham, David B"]
[Black "Bourached, Anthony"]
[Result "1-0"]
[WhiteElo "2155"]
[BlackElo "1965"]
[PlyCount "31"]
[EventDate "2014.07.19"]
[EventType "swiss"]
[EventRounds "11"]
[EventCountry "GBR"]
[Source "John Saunders"]
[SourceDate "2015.07.24"]

1. e4 c5 2. Nc3 d6 3. f4 g6 4. Nf3 Bg7 5. Bc4 Nc6 6. d3 Nf6 7. O-O O-O 8. Qe1
Nd4 9. Qh4 Nxc2 10. f5 Nxa1 11. fxg6 Be6 12. Nd5 fxg6 13. Ng5 Nh5 14. Nxe6
Rxf1+ 15. Kxf1 Qc8 16. Nxe7+ 1-0

[Event "GBR-ch"]
[Site "Aberystwyth, Wales"]
[Date "2014.07.21"]
[Round "3.25"]
[White "Fraser, John"]
[Black "Menadue, Jeremy F S"]
[Result "1/2-1/2"]
[WhiteElo "1854"]
[BlackElo "2117"]
[PlyCount "36"]
[EventDate "2014.07.19"]
[EventType "swiss"]
[EventRounds "11"]
[EventCountry "GBR"]
[Source "John Saunders"]
[SourceDate "2015.07.24"]

1. e4 c5 2. Nf3 d6 3. d4 cxd4 4. Nxd4 Nf6 5. Nc3 a6 6. Bg5 e6 7. f4 Be7 8. Qf3
Qc7 9. O-O-O Nbd7 10. g4 b5 11. Bxf6 gxf6 12. Bd3 Bb7 13. Rhe1 Nb6 14. f5 e5
15. Nb3 b4 16. Nd5 Nxd5 17. exd5 a5 18. Bb5+ Kd8 1/2-1/2

[Event "GBR-ch"]
[Site "Aberystwyth, Wales"]
[Date "2014.07.21"]
[Round "3.26"]
[White "Slade, Theodore"]
[Black "Hackner, Oskar A"]
[Result "0-1"]
[WhiteElo "1818"]
[BlackElo "2108"]
[PlyCount "112"]
[EventDate "2014.07.19"]
[EventType "swiss"]
[EventRounds "11"]
[EventCountry "GBR"]
[Source "John Saunders"]
[SourceDate "2015.07.24"]

1. e4 e6 2. d4 d5 3. Nd2 Nf6 4. Bd3 c5 5. e5 Nfd7 6. c3 Nc6 7. Ne2 cxd4 8. cxd4
f6 9. exf6 Nxf6 10. Nf3 Bd6 11. O-O O-O 12. Bf4 Nh5 13. Bxd6 Qxd6 14. Rc1 Bd7
15. Re1 Rxf3 16. gxf3 Nf4 17. Bb5 Nh3+ 18. Kg2 e5 19. dxe5 Qxe5 20. Ng3 Nf4+
21. Kh1 Qxb2 22. Ne2 Qxb5 23. Nxf4 d4 24. Qb3+ Qxb3 25. axb3 Rf8 26. Re4 Bf5
27. Re2 Rd8 28. Rc5 g6 29. Rd2 d3 30. Nd5 Rd6 31. Ne3 Bd7 32. Rd5 Rxd5 33. Nxd5
Bf5 34. Ne3 Nb4 35. Nxf5 gxf5 36. f4 Kf7 37. Kg2 Ke6 38. Kf3 Kd5 39. Ke3 a5 40.
f3 b5 41. Rg2 a4 42. bxa4 bxa4 43. Rg7 h6 44. Rf7 Kc4 45. Rxf5 Nc2+ 46. Kd2 Nd4
47. Rf8 Nb3+ 48. Kd1 a3 49. Ra8 Kb4 50. f5 Na5 51. Rb8+ Ka4 52. Rb1 Nb3 53. f6
a2 54. Ra1 Nxa1 55. f7 Nb3 56. f8=Q a1=R# 0-1

[Event "GBR-ch"]
[Site "Aberystwyth, Wales"]
[Date "2014.07.21"]
[Round "3.27"]
[White "Horton, Justin"]
[Black "Jarmany, John"]
[Result "0-1"]
[WhiteElo "2104"]
[BlackElo "2073"]
[PlyCount "62"]
[EventDate "2014.07.19"]
[EventType "swiss"]
[EventRounds "11"]
[EventCountry "GBR"]
[Source "John Saunders"]
[SourceDate "2015.07.24"]

1. d4 d5 2. c4 c6 3. Nf3 Nf6 4. Nc3 a6 5. g3 Bf5 6. Bg2 e6 7. O-O Bd6 8. Bf4
Bxf4 9. gxf4 Ne4 10. Qb3 Qe7 11. Rac1 h6 12. cxd5 exd5 13. Nxe4 Bxe4 14. Ne5
Bxg2 15. Kxg2 a5 16. Qg3 g6 17. Rc3 Qf6 18. Re3 O-O 19. Ng4 Qg7 20. Qh4 h5 21.
Nf6+ Kh8 22. Kh1 c5 23. Nxh5 Qh6 24. Qf6+ Kh7 25. Ng3 Ra6 26. Qe5 cxd4 27. Qxd4
Rh8 28. Re7 Nc6 29. Qf6 Nxe7 30. Qxe7 Kg7 31. Nf5+ gxf5 0-1

[Event "GBR-ch"]
[Site "Aberystwyth, Wales"]
[Date "2014.07.21"]
[Round "3.28"]
[White "Clancy, Martin J"]
[Black "Lenier, Jude A"]
[Result "1-0"]
[WhiteElo "2009"]
[BlackElo "2099"]
[PlyCount "71"]
[EventDate "2014.07.19"]
[EventType "swiss"]
[EventRounds "11"]
[EventCountry "GBR"]
[Source "John Saunders"]
[SourceDate "2015.07.24"]

1. e4 e5 2. Nf3 Nc6 3. Bb5 a6 4. Ba4 Nf6 5. O-O Be7 6. Qe2 b5 7. Bb3 d6 8. c3
O-O 9. Rd1 Na5 10. Bc2 c5 11. d4 Qc7 12. h3 Re8 13. Bg5 Bd7 14. dxc5 dxc5 15.
Nbd2 Nc6 16. Bxf6 Bxf6 17. Nf1 Ne7 18. Ne3 Ng6 19. Nd5 Qc6 20. Nxf6+ gxf6 21.
Rd2 Nf4 22. Qe3 Kh8 23. Kh2 Rg8 24. Nh4 Be6 25. Bd3 Rad8 26. Rad1 Bxa2 27. Bxb5
Qb6 28. Rxd8 Rxd8 29. Rxd8+ Qxd8 30. Bxa6 Qd6 31. Bf1 Be6 32. g3 Qd1 33. Bg2
Nxg2 34. Kxg2 Bc4 35. Nf5 Bd3 36. Kh2 1-0

[Event "GBR-ch"]
[Site "Aberystwyth, Wales"]
[Date "2014.07.21"]
[Round "3.29"]
[White "Simons, Martin J"]
[Black "Elwin, Adrian G"]
[Result "1/2-1/2"]
[WhiteElo "2087"]
[BlackElo "1974"]
[PlyCount "113"]
[EventDate "2014.07.19"]
[EventType "swiss"]
[EventRounds "11"]
[EventCountry "GBR"]
[Source "John Saunders"]
[SourceDate "2015.07.24"]

1. e4 c6 2. Nc3 d5 3. d4 dxe4 4. Bc4 Nf6 5. f3 e3 6. Bxe3 e6 7. Nge2 Bd6 8. Qd2
Nbd7 9. O-O Qc7 10. Bf4 Nb6 11. Bb3 Nbd5 12. Bxd6 Qxd6 13. Ne4 Qe7 14. c4 Nb6
15. Qg5 Nxe4 16. Qxe7+ Kxe7 17. fxe4 Rd8 18. c5 Nd7 19. Rf3 b6 20. cxb6 axb6
21. Raf1 Rf8 22. Nc3 Ra5 23. Bc4 Ba6 24. Bxa6 Rxa6 25. b4 f6 26. Rc1 Ra7 27.
Rf2 Rfa8 28. Rfc2 Ra3 29. Rb1 e5 30. d5 cxd5 31. Nxd5+ Kd8 32. Rd1 Rxa2 33.
Rxa2 Rxa2 34. Nxb6 Ra7 35. Kf2 Rb7 36. Rxd7+ Rxd7 37. Nxd7 Kxd7 38. Ke3 h5 39.
h3 h4 40. Kf3 Kc6 41. Kg4 Kb5 42. Kxh4 Kxb4 43. Kh5 Kc4 44. Kg6 Kd4 45. Kxg7
Kxe4 46. h4 Kf4 47. h5 e4 48. h6 e3 49. h7 e2 50. h8=Q e1=Q 51. Qh6+ Kg3 52.
Qh3+ Kf4 53. Qf3+ Kg5 54. Qxf6+ Kg4 55. Qf3+ Kg5 56. Qd5+ Kg4 57. Qf3+ 1/2-1/2

[Event "GBR-ch"]
[Site "Aberystwyth, Wales"]
[Date "2014.07.22"]
[Round "4.1"]
[White "Tan, Justin"]
[Black "Hawkins, Jonathan"]
[Result "0-1"]
[WhiteElo "2375"]
[BlackElo "2516"]
[PlyCount "62"]
[EventDate "2014.07.19"]
[EventType "swiss"]
[EventRounds "11"]
[EventCountry "GBR"]
[Source "John Saunders"]
[SourceDate "2015.07.24"]

1. e4 e5 2. Nf3 Nc6 3. Bb5 Nge7 4. c3 a6 5. Ba4 d6 6. d4 Bd7 7. O-O Ng6 8. Be3
Be7 9. d5 Nb8 10. Bxd7+ Nxd7 11. c4 O-O 12. Nc3 f5 13. exf5 Rxf5 14. Ne4 Nf4
15. g3 Ng6 16. Kg2 Qf8 17. Nfg5 Bxg5 18. Nxg5 Qf6 19. Ne6 Ndf8 20. Nxc7 Rc8 21.
Ne6 Nxe6 22. dxe6 Qxe6 23. b3 e4 24. Qd4 Rh5 25. Rh1 Qh3+ 26. Kg1 Re8 27. Qxd6
Kh8 28. Bd4 Rg5 29. Bxg7+ Kxg7 30. Qd4+ Kh6 31. Rd1 Nh4 0-1

[Event "GBR-ch"]
[Site "Aberystwyth, Wales"]
[Date "2014.07.22"]
[Round "4.2"]
[White "Emms, John M"]
[Black "Ward, Chris G"]
[Result "1-0"]
[WhiteElo "2456"]
[BlackElo "2422"]
[PlyCount "77"]
[EventDate "2014.07.19"]
[EventType "swiss"]
[EventRounds "11"]
[EventCountry "GBR"]
[Source "John Saunders"]
[SourceDate "2015.07.24"]

1. c4 e6 2. g3 d5 3. Bg2 Nf6 4. Nf3 Be7 5. d4 O-O 6. Qc2 c6 7. O-O b5 8. c5 a5
9. Bg5 Nbd7 10. Nbd2 h6 11. Bxf6 Bxf6 12. e4 b4 13. Rfe1 a4 14. Nf1 Ba6 15.
exd5 Bxf1 16. Bxf1 cxd5 17. Bb5 a3 18. b3 Nb8 19. Ne5 Qa5 20. Qd3 Bxe5 21. Rxe5
Qc7 22. Rae1 Nc6 23. Bxc6 Qxc6 24. f4 Qa6 25. Qxa6 Rxa6 26. f5 exf5 27. Rxd5
Re6 28. Kf2 Rfe8 29. Rxe6 fxe6 30. Rd7 Rc8 31. Re7 Rc6 32. Ke3 g5 33. Rb7 e5
34. Re7 f4+ 35. gxf4 gxf4+ 36. Ke4 Rf6 37. Kxe5 Rf8 38. Kd5 f3 39. Re1 1-0

[Event "GBR-ch"]
[Site "Aberystwyth, Wales"]
[Date "2014.07.22"]
[Round "4.4"]
[White "Batchelor, Peter J"]
[Black "Pert, Nicholas"]
[Result "0-1"]
[WhiteElo "2177"]
[BlackElo "2564"]
[PlyCount "68"]
[EventDate "2014.07.19"]
[EventType "swiss"]
[EventRounds "11"]
[EventCountry "GBR"]
[Source "John Saunders"]
[SourceDate "2015.07.24"]

1. Nf3 f5 2. d3 Nc6 3. e4 e5 4. Nc3 Nf6 5. exf5 d5 6. d4 exd4 7. Nxd4 Nxd4 8.
Qxd4 Bxf5 9. Bb5+ c6 10. O-O Bxc2 11. Bg5 Be7 12. Bxf6 Bxf6 13. Rae1+ Kf7 14.
Qd2 Bg6 15. Ba4 Rf8 16. f4 Kg8 17. Kh1 Qb6 18. Bd1 Qd4 19. Qc1 Bd3 20. Be2 Bxe2
21. Rxe2 Rae8 22. Rxe8 Rxe8 23. Re1 Rf8 24. g3 Qd3 25. Kg2 Kf7 26. Nd1 Re8 27.
Nf2 Re2 28. Rxe2 Qxe2 29. Qc5 Qxb2 30. Qd6 Qe2 31. g4 h6 32. Qb8 Bd4 33. Qxb7+
Kg6 34. Qxc6+ Kh7 0-1

[Event "GBR-ch"]
[Site "Aberystwyth, Wales"]
[Date "2014.07.22"]
[Round "4.5"]
[White "Fernandez, Daniel Howard"]
[Black "Pert, Richard G"]
[Result "1-0"]
[WhiteElo "2396"]
[BlackElo "2430"]
[PlyCount "81"]
[EventDate "2014.07.19"]
[EventType "swiss"]
[EventRounds "11"]
[EventCountry "GBR"]
[Source "John Saunders"]
[SourceDate "2015.07.24"]

1. d4 d5 2. g3 Nf6 3. Bg2 g6 4. c4 dxc4 5. Nf3 Bg7 6. Qa4+ c6 7. Qxc4 Be6 8.
Qa4 Nbd7 9. O-O Nb6 10. Qd1 Qc8 11. Re1 Bh3 12. Nc3 Bxg2 13. Kxg2 Nfd5 14. Nxd5
cxd5 15. Bf4 Qc4 16. b3 Qa6 17. Qd2 O-O 18. Rac1 Rac8 19. Rc5 Nd7 20. Rxd5 Nf6
21. Ra5 Qb6 22. e4 Rfd8 23. Ra4 Nh5 24. Be3 Qe6 25. Bh6 b5 26. Rxa7 Qb6 27.
Rxe7 Bf6 28. Bg5 Bxe7 29. Bxe7 Rd7 30. Bc5 Qf6 31. b4 Ra8 32. d5 Rdd8 33. Nd4
Ra3 34. d6 Rda8 35. e5 Qd8 36. e6 Rxa2 37. Qxa2 Rxa2 38. e7 Qa8+ 39. Nf3 Nf6
40. d7 Kg7 41. e8=Q 1-0

[Event "GBR-ch"]
[Site "Aberystwyth, Wales"]
[Date "2014.07.22"]
[Round "4.6"]
[White "Hebden, Mark L"]
[Black "Kett, Tim"]
[Result "1-0"]
[WhiteElo "2554"]
[BlackElo "2270"]
[PlyCount "55"]
[EventDate "2014.07.19"]
[EventType "swiss"]
[EventRounds "11"]
[EventCountry "GBR"]
[Source "John Saunders"]
[SourceDate "2015.07.24"]

1. d4 Nf6 2. Bg5 c5 3. d5 Ne4 4. Bf4 Qb6 5. Nd2 Nxd2 6. Bxd2 Qxb2 7. e4 g6 8.
Rb1 Qe5 9. Bd3 Bg7 10. f4 Qc7 11. c4 d6 12. h3 O-O 13. Nf3 e6 14. O-O exd5 15.
exd5 Nd7 16. f5 Ne5 17. Nxe5 dxe5 18. f6 Bh8 19. Bh6 Re8 20. Be4 Qd6 21. h4 b5
22. h5 bxc4 23. hxg6 hxg6 24. Bxg6 Bxf6 25. Qh5 Qe7 26. Bh7+ Kh8 27. Be4 Kg8
28. Bg5 1-0

[Event "GBR-ch"]
[Site "Aberystwyth, Wales"]
[Date "2014.07.22"]
[Round "4.7"]
[White "Zhou, Yang-Fan"]
[Black "Brown, Martin"]
[Result "1/2-1/2"]
[WhiteElo "2475"]
[BlackElo "2194"]
[PlyCount "139"]
[EventDate "2014.07.19"]
[EventType "swiss"]
[EventRounds "11"]
[EventCountry "GBR"]
[Source "John Saunders"]
[SourceDate "2015.07.24"]

1. e4 e6 2. d4 d5 3. Nd2 Be7 4. Ngf3 Nf6 5. e5 Nfd7 6. Bd3 c5 7. c3 Nc6 8. O-O
g5 9. dxc5 Nxc5 10. Bb5 Nd7 11. Nd4 Ndxe5 12. f4 gxf4 13. N2b3 Bd7 14. Bxf4 Ng6
15. Qh5 Nxd4 16. Bxd7+ Qxd7 17. cxd4 Nxf4 18. Rxf4 Bd6 19. Rf6 Rf8 20. Re1
O-O-O 21. Ref1 Qa4 22. Qxh7 Kb8 23. Qd3 Rd7 24. h4 Qc4 25. Qd1 Qc7 26. h5 a5
27. h6 Rh8 28. Qd2 a4 29. Nc1 Qd8 30. Nd3 Qg8 31. Ne5 Bxe5 32. dxe5 d4 33. R1f3
Qg4 34. Rxf7 Rxf7 35. Rxf7 Qe4 36. Qf4 Qe1+ 37. Kh2 d3 38. Rd7 Qe2 39. Kg1 Qe1+
40. Kh2 Qe2 41. Qg5 Qe4 42. Qf6 Rg8 43. Rg7 Rc8 44. Qg5 Rh8 45. Rd7 Ka7 46. Qf6
Rg8 47. Qf2+ Kb8 48. h7 Rh8 49. Kg1 Qxe5 50. Rxd3 Rxh7 51. Qg3 Qxg3 52. Rxg3
Rd7 53. Rf3 Kc7 54. g4 Rg7 55. Rf4 b5 56. Kf2 e5 57. Rb4 Kc6 58. Kg3 Kc5 59. a3
Rb7 60. g5 Kd5 61. Kg4 Ke6 62. g6 Kf6 63. Kh5 Rb8 64. g7 Kxg7 65. Kg5 Rf8 66.
Rxb5 Rf2 67. Rxe5 Rxb2 68. Ra5 Kf7 69. Rxa4 Ke6 70. Ra8 1/2-1/2